| 000 | 00477 a2200181 4500 | ||
|---|---|---|---|
| 001 | 065996 | ||
| 003 | OSt | ||
| 005 | 20251211110000.0 | ||
| 008 | |||
| 082 |
_a809.9145 _bR66R |
||
| 245 | 1 |
_aRomanticism _cedited by Duncan Wu |
|
| 260 |
_aUSA _bBlackwell Publishing _c2005 |
||
| 300 | _a1121p. | ||
| 500 | _aEnglish | ||
| 690 | _aRomanticism; Great Britain; English literature; English poetry | ||
| 700 | _eWu, Duncan ed. | ||
| 942 |
_2ddc _cBK |
||
| 999 |
_c205 _d205 |
||